ELETRONIC CIRCUITS NOTEBOOK PROVEN DESIGN FOR SYSTEMS APPLICATIONS (Record no. 580131)

000 -LEADER
fixed length control field 00365nam a22001337a 4500
020 ## - INTERNATIONAL STANDARD BOOK NUMBER
International Standard Book Number 0-07-019244-8
082 ## - DEWEY DECIMAL CLASSIFICATION NUMBER
Classification number 621.38153 ELE'W
100 ## - MAIN ENTRY--PERSONAL NAME
Personal name WEBER, SAMUEL
9 (RLIN) 41566
245 ## - TITLE STATEMENT
Title ELETRONIC CIRCUITS NOTEBOOK PROVEN DESIGN FOR SYSTEMS APPLICATIONS
260 ## - PUBLICATION, DISTRIBUTION, ETC.
Place of publication, distribution, etc. NEWYORK
Name of publisher, distributor, etc. MCGRAW HILL
Date of publication, distribution, etc. 1981
300 ## - PHYSICAL DESCRIPTION
Extent 344P
650 ## - SUBJECT ADDED ENTRY--TOPICAL TERM
Topical term or geographic name entry element ELECTRONIC CIRCUITS
9 (RLIN) 20195
942 ## - ADDED ENTRY ELEMENTS (KOHA)
Koha item type Book
Holdings
Withdrawn status Lost status Damaged status Not for loan Permanent Location Current Location Shelving location Date acquired Total Checkouts Full call number Barcode Date last seen Price effective from Koha item type
        College of Electrical & Mechanical Engineering (CEME) College of Electrical & Mechanical Engineering (CEME) General Stacks 05/09/2017   621.38153 ELE'W CEME-15293 06/28/2021 06/28/2021 Book
© 2023 Central Library, National University of Sciences and Technology. All Rights Reserved.